000 01039cam a22002654a 4500
001 13688133
005 20250124115745.0
008 040816s2005 caua b 001 0 eng
020 _a1412905516 (pbk.)
050 0 0 _aHM1221
_b.T73 2005
082 0 0 _a659.2
_222
100 1 _aTreadwell, D. F.
_q(Donald Francis)
245 1 0 _aPublic relations writing :
_bprinciples in practice /
_cDonald Treadwell, Jill B. Treadwell.
250 _a2nd ed.
260 _aThousand Oaks, Calif. :
_bSAGE Publications,
_cc2005.
300 _axxvi, 517 p. :
_bill. ;
_c26 cm.
650 0 _aPublic relations
_xAuthorship.
650 0 _aPublic relations.
650 0 _aBusiness writing.
700 1 _aTreadwell, Jill B.
856 4 1 _3Table of contents only
_uhttp://www.loc.gov/catdir/toc/ecip0421/2004019343.html
856 4 2 _3Publisher description
_uhttp://www.loc.gov/catdir/enhancements/fy0658/2004019343-d.html
856 4 2 _3Contributor biographical information
_uhttp://www.loc.gov/catdir/enhancements/fy0734/2004019343-b.html
942 _2lcc
_cBK
_n0
999 _c2994
_d2994